Boletn̕ Oficial de Melilla

Bibliographic Details
Corporate Authors: Melilla. Gobierno, Melilla (Ciudad autn̤oma)
Format: Serial
Language:Spanish
Published: Melilla : Ciudad autn̤oma de Melilla, 1927-
Subjects:
Online Access:Acceso restringido

MARC

LEADER 00000nas a22000007a 4500
005 20110902121417.0
008 110902c1927 sp |||| s|||| 00| a1spa d
035 |a 5590 
040 |a vLex 
090 |c 2351  |d 2351 
110 1 |a Melilla.  |b Gobierno 
245 0 0 |a Boletn̕ Oficial de Melilla  |h [Recurso electrn̤ico] 
246 |a BOCE 
256 |a Servicio en ln̕ea. 
260 |a Melilla :  |b Ciudad autn̤oma de Melilla,   |c 1927- 
300 |a 1 recurso electrn̤ico 
310 |a Semanal 
362 |a Nm︢. 1 (1927) -  
650 0 4 |a Derecho  |x Legislacin̤  |z Espaą 
710 1 |a Melilla (Ciudad autn̤oma) 
740 |a vLex Revistas (Servicio en ln̕ea) 
856 4 0 |u http://vlex.com/source/boletin-oficial-ciudad-autonoma-melilla-5590  |z Acceso restringido 
942 |c REV